Escudos de fútbol con plantas - Estadísticas

Estadísticas generales
  • Esta prueba ha sido intentada 78 veces
  • La puntuación promedio es 13 de 20
Estadísticas de respuestas
Imagen Respuesta % Correcto
Atlético de Madrid
100%
Celtic
91%
Leicester City
91%
Leganés
90%
Fenerbahce
88%
Leeds United
88%
Nottingham Forest
88%
Southampton
84%
Panathinaikos
72%
Lecce
71%
Blackburn Rovers
70%
Guadalajara
70%
Augsburg
57%
Luton Town
54%
Wigan Athletic
52%
Boavista
48%
Shamrock Rovers
28%
Greuther Fürth
20%
Omonia Nicosia
19%
Arenteiro
14%
No se encontraron pruebas coincidentes
Distribución de puntuación
Porcentaje de gente con cada puntuación
Porcentaje por número respondido
Historial de tus puntuaciones
No has intentado esta prueba.